000 00935cam a2200301 i 4500
999 _c57503
_d57503
001 21011666
005 20221107172354.0
008 190610s2018 nyuabf b 001 0 eng
010 _a 2019023176
020 _a9780735223981 X
_q(hardcover)
020 _z9780735223998 X
_q(ebook)
041 _aeng
042 _apcc
050 0 0 _aD1051
_b.K47 2018
080 _a94(4) K-37
082 0 0 _a940.55
_223
100 1 _aKershaw, Ian,
_eauthor.
_98889
240 1 0 _aRoller-coaster
245 1 4 _aThe Global Age :
_bEurope, 1950-2017 /
_cIan Kershaw.
264 1 _a[New York] :
_bViking,
_c[2018]
300 _axxx, 669 pages, 32 numbered pages of plates :
_billustrations (chiefly color), map ;
_c24 cm.
650 0 _aCold War.
_98890
651 0 _aEurope
_xHistory
_y20th century.
_98891
651 0 _aEurope
_xHistory
_y21st century.
_98892
653 _aისტორია
653 _aევროპა
942 _2udc
_cBK